| 000 | 00790nam a2200277Ia 4500 | ||
|---|---|---|---|
| 003 | OSt | ||
| 005 | 20221007110944.0 | ||
| 006 | a|||||r|||| 00| 0 | ||
| 007 | ta | ||
| 008 | 221006b |||||||| |||| 00| 0 eng d | ||
| 020 | _a0700610707 | ||
| 024 | _a22,255 | ||
| 037 | _cTextual | ||
| 040 |
_aLCO _cLCO _beng |
||
| 041 |
_2eng _aeng |
||
| 082 | _aZ,91, P0 | ||
| 100 | _aPierce Christine | ||
| 245 | 0 |
_aImmovable Laws, Irresistible Rights _b Natural Law, Moral Rights and Feminist Ethics |
|
| 260 |
_aKansas _bUniversity Press of Kanas U.S.A. _c2000 |
||
| 300 | _a171 | ||
| 650 |
_a FEMINIST ETHICS _9708106 |
||
| 650 |
_a MORAL RIGHTS _9708107 |
||
| 650 |
_aNATURAL LAW _917999 |
||
| 942 |
_hZ,91, P0 _cTEXL |
||
| 999 |
_c1191818 _d1191818 |
||